000
00279nam a22001337a 4500
008
181022b xxu||||| |||| 00| 0 eng d
020
_a
9780030193378
041
_a
eng
080
_a
311
100
_a
51
101
_a
STA
245
_a
Statistics
_c
Kirk, R.E
942
_2
udc
_c
BK
999
_c
50529
_d
50529